| 000 | 00522cam a2200145 4500500 | ||
|---|---|---|---|
| 005 | 20251012013722.0 | ||
| 041 | _afre | ||
| 042 | _adc | ||
| 100 | 1 | 0 |
_aLoizillon, Victor _eauthor |
| 245 | 0 | 0 | _aMircea Cărtărescu, Teodoros. Translated from Romanian by Laure Hinckel. Noir sur Blanc, 2024, 608 pages, €27. |
| 260 | _c2025. | ||
| 500 | _a78 | ||
| 786 | 0 | _nÉtudes | Avril | 4 | 2025-03-24 | p. 125-126 | 0014-1941 | |
| 856 | 4 | 1 | _uhttps://shs.cairn.info/journal-etudes-2025-4-page-125a?lang=en&redirect-ssocas=7080 |
| 999 |
_c1529939 _d1529939 |
||